| Tag |
First Indicator |
Second Indicator |
Subfields |
| LEADER |
00000cam a2200000 4500 |
| 001 |
in00000040763 |
| 005 |
20151007064642.0 |
| 008 |
780116s1957 it 00000 eng d |
| 010 |
|
|
|a 58001005
|
| 035 |
|
|
|a (OCoLC)03561709
|
| 035 |
|
|
|9 AAE0319AM
|
| 040 |
|
|
|a TLM
|c TLM
|d TXA
|d UtOrBLW
|
| 049 |
|
|
|a TXAM
|c [296310]
|
| 050 |
|
0 |
|a S439
|b .F64
|
| 092 |
|
|
|a 338.19
|b U5755m
|
| 110 |
2 |
|
|a Food and Agriculture Organization of the United Nations.
|
| 245 |
1 |
0 |
|a Millions still go hungry.
|
| 264 |
|
1 |
|a Rome,
|b [publisher not identified] ;
|c 1957.
|
| 300 |
|
|
|a 101 pages
|
| 336 |
|
|
|a text
|b txt
|2 rdacontent
|
| 337 |
|
|
|a unmediated
|b n
|2 rdamedia
|
| 338 |
|
|
|a volume
|b nc
|2 rdacarrier
|
| 650 |
|
0 |
|a Agriculture.
|
| 650 |
|
0 |
|a Food supply.
|
| 999 |
|
|
|a MARS
|
| 999 |
f |
f |
|s b0b9f8aa-c054-3656-a4e3-c6125c99e503
|i 70cfac73-43f3-329e-ab6d-ec18e3fc5c33
|t 0
|
| 952 |
f |
f |
|p ric
|a Texas A&M University
|b Rellis Campus
|c Joint Library Facility
|d Remote Storage
|t 0
|e S439 .F64
|h Library of Congress classification
|i unmediated -- volume
|m A14800761776
|
| 998 |
f |
f |
|a S439 .F64
|t 0
|l Remote Storage
|